Diseño geométrico, estructura de pavimento rígido y drenaje menor de 700 metros lineales de calles, del barrio Francisco Rivera Quintero, ubicado en el municipio de Estelí, por el método de AASHTO-93, 2021
El estudio presenta el Diseño geométrico de la estructura de pavimento rígido y drenaje menor de 700 metros lineales de calles, del Barrio Francisco Rivera Quintero, ubicado en el municipio de Estelí, por el método de AASHTO-93, 2021.
| Main Authors: | , , |
|---|---|
| Other Authors: | |
| Format: | Tesis Section = Libro |
| Language: | Undetermined Spanish |
| Published: |
Managua
UNI
2022
|
| Subjects: |
| LEADER | 01238nam a2200277Ia 4500 | ||
|---|---|---|---|
| 008 | 240830s9999 xx 000 0 und d | ||
| 040 | |a BIBLIOTECA-RUPAP/ Mon 625.85 U13 | ||
| 041 | |a spa | ||
| 082 | |a Mon 625.85 U13 | ||
| 100 | 1 | |a Ubeda Rugama, Becker Jesús | |
| 100 | 1 | |b Funes Soto, Edwin Joel | |
| 100 | 1 | |c Quintero Quintero, William Rodolfo | |
| 245 | 1 | 0 | |a Diseño geométrico, estructura de pavimento rígido y drenaje menor de 700 metros lineales de calles, del barrio Francisco Rivera Quintero, ubicado en el municipio de Estelí, por el método de AASHTO-93, 2021 |
| 260 | |a Managua |b UNI |c 2022 | ||
| 300 | |a 130 p. :il. | ||
| 500 | |a Contiene: anexos y CD. | ||
| 502 | |a Tesis (Ingeniero Civil) - UNI, 2022. | ||
| 520 | 3 | |a El estudio presenta el Diseño geométrico de la estructura de pavimento rígido y drenaje menor de 700 metros lineales de calles, del Barrio Francisco Rivera Quintero, ubicado en el municipio de Estelí, por el método de AASHTO-93, 2021. | |
| 650 | 7 | |a PAVIMENTOS | |
| 650 | 7 | |b PAVIMENTOS DE ASFALTO | |
| 650 | 7 | |c ESTUDIO DE SUELOS | |
| 650 | 7 | |d CALLES-MANTENIMIENTO Y REPARACION | |
| 700 | 1 | |a Tutor: |b Navarro Hudiel, Sergio Junior | |
| 942 | |c BK |2 ddc | ||
| 991 | |a Tesis | ||
| 999 | |c 27737 | ||